Villes d'Europe avec la plus forte population juive en 1939 - Statistiques

Statistiques générales
  • Ce quiz a été pris 529 fois
  • Le résultat moyen est 8 sur 15
Statistiques - réponses
Rang Nombre d'habitants Réponse % Correct
9 200 000 Paris
98%
14 82 000 Berlin
94%
1 375 000 Varsovie
89%
2 250 000 Moscou
78%
3 233 000 Londres
76%
15 74 500 Amsterdam
61%
7 201 000 Budapest
61%
5 224 000 Kiev
60%
12 95 000 Bucarest
51%
6 202 000 Saint-Petersbourg
50%
4 230 000 Lodz
19%
8 200 000 Odessa
18%
11 110 000 Lwow
14%
10 130 000 Kharkov
10%
13 90 000 Dnipropetrovsk
3%
Aucun quiz correspondant
Distribution des résultats
% des personnes avec chaque résultat
Percentile par nombre de réponses
Votre historique - résultats
Vous n’avez pas pris ce quiz